000
00270nam a22001217a 4500
008
181024b xxu||||| |||| 00| 0 eng d
041
_a
eng
080
_2
2nd
_a
611
100
_a
6
101
_a
ANA
245
_a
Anatomy for Surgeons
_c
Hollinshead,W.H
942
_2
udc
_c
BK
999
_c
50852
_d
50852